Китай: путеводитель

Opis bibliograficzny
1. autor: Крылов Д. Дмитрий
Kolejni autorzy: Кременчугский Владимир, Кузмицкий А. Александр
Streszczenie:В пику скучным и справочным путеводителям, заполонившим российские книжные полки, серия Дмитрия Крылова — то самое, что никогда не выйдет в тираж, не надоест, не "замылит" взгляд. В книжках есть все для того, чтобы успешно добраться до страны и изучить ее настолько, насколько позволит вам ваше время. Читая страницы, написанные Дмитрием и его помощниками, вы полюбите страну еще до того, как приедете. Они занимательно передадут вам свои знания об истории и культуре страны, предложат интересные маршруты прогулок, поделятся своими впечатлениями и дадут массу полезных советов. Всю дорогу с вами будет любимый путеводитель, с которым интересно, надежно и... не скучно.
Język:rosyjski
Wydane: Москва, Эксмо, 2008
Seria:Путеводители с Дмитрием Крыловым
Hasła przedmiotowe:
Format: Książka
KOHA link:https://koha.lib.tpu.ru/cgi-bin/koha/opac-detail.pl?biblionumber=379441

MARC

LEADER 00000nam0a2200000 4500
001 379441
005 20231211103946.0
010 |a 978-5-699-29030-7 
035 |a (RuTPU)RU\TPU\retro\36908 
090 |a 379441 
100 |a 20231004d2008 km|y0rusy50 ca 
101 0 |a rus 
102 |a RU 
105 |a a g 001yy 
181 0 |a i   |b  e  
182 0 |a n 
183 0 |a nc  |2 RDAcarrier 
200 1 |a Китай  |e путеводитель  |f Дмитрий Крылов, Владимир Кременчугский, Александр Кузмицкий 
203 |a Текст  |b визуальный  |c непосредственный 
210 |a Москва  |c Эксмо  |d 2008 
215 |a 400 с.  |c ил. 
225 1 |a Путеводители с Дмитрием Крыловым 
283 |a volume  |2 RDAcarrier 
320 |a Алфавитный указатель: с. 398-399 
330 |a В пику скучным и справочным путеводителям, заполонившим российские книжные полки, серия Дмитрия Крылова — то самое, что никогда не выйдет в тираж, не надоест, не "замылит" взгляд. В книжках есть все для того, чтобы успешно добраться до страны и изучить ее настолько, насколько позволит вам ваше время. Читая страницы, написанные Дмитрием и его помощниками, вы полюбите страну еще до того, как приедете. Они занимательно передадут вам свои знания об истории и культуре страны, предложат интересные маршруты прогулок, поделятся своими впечатлениями и дадут массу полезных советов. Всю дорогу с вами будет любимый путеводитель, с которым интересно, надежно и... не скучно. 
606 1 |a Китай  |x География  |9 84671 
606 1 |a Путеводители  |9 71545 
610 1 |a история 
610 1 |a география 
610 1 |a достопримечательности 
610 1 |a климат 
610 1 |a культура 
610 1 |a менталитет 
610 1 |a праздники 
610 1 |a кухня 
610 1 |a валюта 
610 1 |a часовые пояса 
675 |a 91(5)  |v 4  |z rus 
700 1 |a Крылов  |b Д.  |4 070  |g Дмитрий 
701 1 |4 070  |a Кременчугский  |g Владимир 
701 1 |4 070  |a Кузмицкий  |b А.  |g Александр 
801 1 |a RU  |b 63413507  |c 20231004 
801 2 |a RU  |b 63413507  |c 20231004  |g RCR 
942 |c BK